Statistics for Modern Day Countries of Nazi Germany on an Empty Map

Click here to take the quiz!

General Stats

  • This quiz has been taken 669 times
  • The average score is 19 of 20

Answers on the Map

Answers color-coded by a green-red scale on the quiz's map according to % correct below.
 

Answer Stats

Country% Correct
Germany
99%
Poland
98%
Czech Republic
97%
France
97%
Denmark
96%
Austria
95%
Belarus
95%
Belgium
95%
Netherlands
95%
Norway
95%
Ukraine
95%
Estonia
94%
Latvia
94%
Lithuania
94%
Russia
94%
Slovakia
94%
Luxembourg
93%
Greece
85%
Serbia
84%
Slovenia
84%

Score Distribution

Percentile by Number Answered

Percent of People with Each Score

Your Score History

You have not taken this quiz